[Event "3o Piacenza Chess Festival - Open B"]
[Site "Piacenza ITA"]
[Date "2025.10.25"]
[Round "4.7"]
[White "SERBAN, Sara Annamaria"]
[Black "SARGSYAN, Mher"]
[Result "1-0"]
[WhiteElo "1801"]
[BlackElo "1813"]
[PlyCount "165"]
[EventDate "2025.10.24"]

1. Nf3 d5 2. g3 Nf6 3. Bg2 c6 4. O-O Bf5 5. d3 h6 6. Nbd2 e6 7. b3 Be7 8. Bb2
O-O 9. Ne1 Na6 10. e4 Bh7 11. e5 Nd7 12. f4 Qc7 13. Nef3 c5 14. Kh1 Nb4 15. a3
Nc6 16. Qe2 Rac8 17. c4 dxc4 18. dxc4 Rfd8 19. Qe3 Nd4 20. Nxd4 cxd4 21. Bxd4
Nc5 22. b4 Qd7 23. Bxc5 Bxc5 24. bxc5 Qxd2 25. Qxd2 Rxd2 26. Rfd1 Rb2 27. Rd7
g5 28. fxg5 hxg5 29. c6 bxc6 30. Rxa7 Rd8 31. a4 Rdd2 32. Bxc6 Rxh2+ 33. Kg1
Rhc2 34. Rb7 Rxb7 35. Bxb7 Bd3 36. a5 Bxc4 37. a6 Bxa6 38. Bxa6 Rc5 39. Re1 Kg7
40. Kf2 f6 41. exf6+ Kxf6 42. Bd3 Ra5 43. Kf3 Ra3 44. Re3 Ra4 45. Bc2 Rb4 46.
Bb3 e5 47. Bd5 g4+ 48. Ke2 Kf5 49. Bc6 e4 50. Kd2 Rd4+ 51. Kc3 Ke5 52. Bb7 Ra4
53. Kb3 Rd4 54. Bc8 Rd8 55. Bxg4 Kd4 56. Rc3 Rf8 57. Be2 Rf2 58. Rc2 Ke3 59.
Bd1 Rf1 60. Bh5 Rg1 61. g4 Kd3 62. Rc3+ Kd2 63. Rc5 e3 64. Rc2+ Kd3 65. Bg6+
Kd4 66. Rc4+ Kd5 67. Be4+ Ke5 68. Bf3 Re1 69. Re4+ Kf6 70. Kc2 Kg5 71. Kd3 Kh4
72. Rxe3 Ra1 73. Ke4 Ra4+ 74. Kf5 Rb4 75. Re4 Rb5+ 76. Kf6 Rb6+ 77. Re6 Rb4 78.
Be2 Rb3 79. g5 Re3 80. g6 Rg3 81. g7 Re3 82. g8=Q Rxe6+ 83. Qxe6 1-0

[Event "3o Piacenza Chess Festival - Open B"]
[Site "Piacenza ITA"]
[Date "2025.10.25"]
[Round "4.8"]
[White "DE SIMONE, Alessandro"]
[Black "CALVIGIONI, Matteo"]
[Result "1-0"]
[WhiteElo "1748"]
[BlackElo "1805"]
[PlyCount "65"]
[EventDate "2025.10.24"]

1. d4 Nf6 2. c4 e6 3. Nf3 Bb4+ 4. Bd2 Qe7 5. a3 Bxd2+ 6. Qxd2 O-O 7. Nc3 d6 8.
e3 Rd8 9. Be2 e5 10. Qc2 Bg4 11. O-O Nc6 12. d5 Nb8 13. Rfc1 Bxf3 14. Bxf3 Nbd7
15. b4 b6 16. Nb5 Nf8 17. Ra2 e4 18. Be2 a6 19. Nd4 Re8 20. Nc6 Qd7 21. Bf1 Ng6
22. g3 Ne5 23. Nxe5 Rxe5 24. Bg2 Rae8 25. Qe2 Rh5 26. Rd2 Rh6 27. c5 Ng4 28. h4
Rf6 29. Bh3 Rf3 30. cxb6 cxb6 31. Rdc2 h5 32. Qxa6 Qd8 33. Rc8 1-0

[Event "3o Piacenza Chess Festival - Open B"]
[Site "Piacenza ITA"]
[Date "2025.10.25"]
[Round "4.9"]
[White "KOSAKOWSKI, Szymon"]
[Black "D'AGOSTINO, Maurizio"]
[Result "1-0"]
[WhiteElo "1761"]
[BlackElo "1894"]
[PlyCount "53"]
[EventDate "2025.10.24"]

1. e4 c5 2. Nf3 Nc6 3. Bb5 g6 4. O-O Bg7 5. c3 e5 6. d4 cxd4 7. cxd4 Nxd4 8.
Nc3 h6 9. Be3 Ne6 10. Qa4 Ne7 11. Rfd1 Nc6 12. Nd5 O-O 13. Bb6 axb6 14. Qxa8
Ncd4 15. Nxd4 Nxd4 16. Qxc8 Nxb5 17. Qxb7 Nd4 18. Qxb6 Qg5 19. Qd6 Kh7 20. Qxd7
f5 21. Qe7 Nf3+ 22. Kh1 Qh5 23. gxf3 Qxf3+ 24. Kg1 Qxe4 25. Ne3 h5 26. Rd7 Rg8
27. Qg5 1-0

[Event "3o Piacenza Chess Festival - Open B"]
[Site "Piacenza ITA"]
[Date "2025.10.25"]
[Round "4.10"]
[White "AULEHLA, Jacopo"]
[Black "PODDUBSKIY, Pavel"]
[Result "1-0"]
[WhiteElo "1815"]
[BlackElo "1837"]
[PlyCount "47"]
[EventDate "2025.10.24"]

1. Nf3 Nf6 2. g3 g6 3. Bg2 Bg7 4. O-O O-O 5. c4 d6 6. d4 Nbd7 7. Nc3 c5 8. e4
cxd4 9. Nxd4 Qb6 10. Be3 Qxb2 11. Ndb5 Qb4 12. Nc7 Qxc3 13. Nxa8 Qa5 14. Bd2
Qd8 15. Qa4 Nc5 16. Qxa7 Nfxe4 17. Ba5 Qd7 18. Nb6 Qg4 19. Nxc8 Nxf2 20. Nxe7+
Kh8 21. Nd5 Bxa1 22. Rxa1 Qd4 23. Bc3 Nh3+ 24. Kf1 1-0

[Event "3o Piacenza Chess Festival - Open B"]
[Site "Piacenza ITA"]
[Date "2025.10.25"]
[Round "4.11"]
[White "MRAD, Anahid"]
[Black "FERRARI, Giuseppe"]
[Result "1/2-1/2"]
[WhiteElo "1812"]
[BlackElo "1701"]
[PlyCount "113"]
[EventDate "2025.10.24"]

1. e4 e6 2. d4 d5 3. Nc3 dxe4 4. Nxe4 Nf6 5. Nxf6+ Qxf6 6. Nf3 h6 7. Be3 Bd6 8.
Bd3 Nc6 9. c3 Bf4 10. Qd2 Bxe3 11. Qxe3 Ne7 12. Be4 c6 13. Ne5 Nd5 14. Bxd5
cxd5 15. O-O Qe7 16. Rfe1 Bd7 17. f4 O-O-O 18. c4 Be8 19. Rac1 Kb8 20. f5 f6
21. Nd3 dxc4 22. Rxc4 Bb5 23. Rc3 Bxd3 24. Qxd3 e5 25. Rc4 Qd6 26. Rd1 Rd7 27.
Qg3 Rhd8 28. Qf2 Qb6 29. Rd3 Rxd4 30. Rcxd4 Rxd4 31. Rxd4 exd4 32. Qg3+ Qc7 33.
Qb3 Qc1+ 34. Kf2 Qd2+ 35. Kf3 a6 36. Qg8+ Ka7 37. Qb3 d3 38. Qe6 Qd1+ 39. Kg3
Qd2 40. Kf3 Qxb2 41. Qe3+ Qb6 42. Qxd3 Qc6+ 43. Kg3 Qc7+ 44. Kh3 Qe5 45. g3 a5
46. Kh4 b6 47. Qd7+ Ka6 48. Qc8+ Kb5 49. Qd7+ Kb4 50. Qf7 Qxf5 51. Qb3+ Kc5 52.
Qc3+ Kb5 53. Qb3+ Ka6 54. Qc4+ Qb5 55. Qc8+ Ka7 56. Qc7+ Ka8 57. Qc8+ 1/2-1/2

[Event "3o Piacenza Chess Festival - Open B"]
[Site "Piacenza ITA"]
[Date "2025.10.25"]
[Round "4.12"]
[White "TAGLIAFERRI, Valerio"]
[Black "DI MAULO, Alessandra"]
[Result "0-1"]
[WhiteElo "1749"]
[BlackElo "1829"]
[PlyCount "136"]
[EventDate "2025.10.24"]

1. e4 e5 2. Nf3 Nc6 3. Bc4 Bc5 4. c3 Nf6 5. d3 d6 6. O-O O-O 7. Nbd2 a6 8. b4
Ba7 9. h3 h6 10. Re1 Re8 11. Nf1 Be6 12. Bb3 d5 13. Bd2 Qd7 14. Qe2 Rad8 15.
Rad1 dxe4 16. dxe4 Qd3 17. Qxd3 Rxd3 18. Bc2 Rdd8 19. a4 Bc4 20. Ne3 Bd3 21.
Bxd3 Rxd3 22. Nc4 b5 23. Nb2 Rdd8 24. a5 Rb8 25. Bc1 Rbd8 26. Kf1 Rxd1 27. Nxd1
Rd8 28. Nb2 Kf8 29. Ng1 Nh5 30. Ne2 Ne7 31. Rd1 Rxd1+ 32. Nxd1 Nc8 33. g4 Nf6
34. f3 c5 35. h4 Nd7 36. Be3 cxb4 37. cxb4 Nb8 38. Nec3 Nc6 39. Bxa7 N8xa7 40.
Nd5 Nc8 41. Kf2 Nd6 42. N1e3 f6 43. h5 Nf7 44. Nf5 Nfd8 45. Ke3 Ne6 46. Kd3 Ng5
47. Ke3 Ne6 48. Kd3 Ng5 49. Ke2 Ne6 50. Ke3 Ng5 51. Nh4 Ne6 52. Ng6+ Kf7 53. f4
exf4+ 54. Ngxf4 Nf8 55. Nd3 Nd7 56. Nc7 Ndb8 57. Kf4 Ke7 58. e5 fxe5+ 59. Nxe5
Nxb4 60. Kf5 Nd7 61. Nxd7 Kxd7 62. Ne6 Nc6 63. Nxg7 Ne7+ 64. Kf6 b4 65. g5 b3
66. Kf7 b2 67. gxh6 b1=Q 68. Ne8 Qh7+ 0-1

[Event "3o Piacenza Chess Festival - Open B"]
[Site "Piacenza ITA"]
[Date "2025.10.25"]
[Round "4.13"]
[White "KAMMANN, Thomas"]
[Black "BOSCHIERO, Andrea"]
[Result "1-0"]
[WhiteElo "1802"]
[BlackElo "1684"]
[PlyCount "89"]
[EventDate "2025.10.24"]

1. e4 c5 2. Nf3 e6 3. d4 cxd4 4. Nxd4 Nc6 5. Be2 Qc7 6. c3 Nf6 7. Bf3 Ne5 8.
O-O Nxf3+ 9. Qxf3 a6 10. Bf4 d6 11. Bg3 b5 12. e5 Bb7 13. exd6 Bxf3 14. dxc7
Bb7 15. a4 bxa4 16. Rxa4 Ne4 17. Bh4 g5 18. Bg3 Nxg3 19. hxg3 Bd6 20. Nf3 h6
21. Nbd2 Rc8 22. Ne4 Bxc7 23. Nc5 Bc6 24. Rxa6 Bb5 25. Rfa1 Bxa6 26. Rxa6 O-O
27. Kf1 Rfd8 28. Ke2 g4 29. Nd4 Ra8 30. b4 Rxa6 31. Nxa6 Bb6 32. Nc6 Kf8 33.
Nxd8 Bxd8 34. Nc5 Ke7 35. c4 Bb6 36. Nd3 Bd4 37. f3 h5 38. Nf4 gxf3+ 39. gxf3
Bc3 40. b5 Kd6 41. Nxh5 Kc5 42. Kd3 Be1 43. Nf6 Kb6 44. g4 Bg3 45. Ne4 1-0

[Event "3o Piacenza Chess Festival - Open B"]
[Site "Piacenza ITA"]
[Date "2025.10.25"]
[Round "4.15"]
[White "VENDRAMINI, Ivano"]
[Black "OTERI, Aldo"]
[Result "0-1"]
[WhiteElo "1714"]
[BlackElo "1766"]
[PlyCount "44"]
[EventDate "2025.10.24"]

1. e4 e6 2. d4 d5 3. Nd2 Be7 4. e5 c5 5. c3 Nc6 6. Bb5 cxd4 7. cxd4 Nh6 8. Ngf3
Qb6 9. Ba4 O-O 10. Bxc6 bxc6 11. O-O f6 12. Nb3 Nf7 13. Be3 Ba6 14. Re1 fxe5
15. dxe5 c5 16. Rc1 Rac8 17. Qd2 d4 18. Nfxd4 Rfd8 19. Qa5 Qxa5 20. Nxa5 cxd4
21. Rxc8 Bxc8 22. Bf4 Bb4 0-1

[Event "3o Piacenza Chess Festival - Open B"]
[Site "Piacenza ITA"]
[Date "2025.10.25"]
[Round "4.16"]
[White "DI IASIO, Alessandro"]
[Black "CANOSSA, Elena"]
[Result "1/2-1/2"]
[WhiteElo "1672"]
[BlackElo "1760"]
[PlyCount "33"]
[EventDate "2025.10.24"]

1. e4 c6 2. Nc3 d5 3. Nf3 dxe4 4. Nxe4 Nf6 5. Qe2 Nxe4 6. Qxe4 Qd5 7. Qf4 Qf5
8. d3 Qxf4 9. Bxf4 f6 10. h3 e5 11. Be3 Be6 12. g4 c5 13. Bg2 Bd5 14. O-O Be7
15. Nh4 Bxg2 16. Kxg2 g6 17. Nf3 1/2-1/2

[Event "3o Piacenza Chess Festival - Open B"]
[Site "Piacenza ITA"]
[Date "2025.10.25"]
[Round "4.18"]
[White "NUNNARI, Massimo"]
[Black "DECARLI, Giuseppe"]
[Result "0-1"]
[WhiteElo "1893"]
[BlackElo "1748"]
[PlyCount "68"]
[EventDate "2025.10.24"]

1. d4 e6 2. Nc3 Be7 3. e4 d6 4. f4 Nd7 5. Nf3 a6 6. Be3 b6 7. Bd3 Bh4+ 8. Nxh4
Qxh4+ 9. g3 Qe7 10. Qg4 g6 11. O-O-O Bb7 12. Qe2 b5 13. Rhe1 c5 14. Qf2 Ngf6
15. d5 c4 16. Bf1 b4 17. Na4 Nxe4 18. Qg2 exd5 19. Bd4 O-O 20. Qh3 f6 21. Nb6
Nxb6 22. Bxb6 b3 23. axb3 cxb3 24. cxb3 Qe8 25. Kb1 Rc8 26. Ba5 Qf7 27. Bb4 Nf2
28. Qg2 Nxd1 29. Rxd1 d4 30. Qd2 Qxb3 31. Qxd4 Be4+ 32. Ka1 Rc2 33. Bc3 Rxc3
34. Qxc3 Qxd1+ 0-1

[Event "3o Piacenza Chess Festival - Open B"]
[Site "Piacenza ITA"]
[Date "2025.10.26"]
[Round "5.1"]
[White "GRASSO, Gaetano"]
[Black "DE MAUPEOU D`ABLEIGES, Alexandre"]
[Result "0-1"]
[WhiteElo "1989"]
[BlackElo "1911"]
[PlyCount "86"]
[EventDate "2025.10.24"]

1. e4 e5 2. d3 Nc6 3. Be3 Nf6 4. c4 g6 5. Nc3 Bg7 6. Be2 d6 7. h3 O-O 8. g4 Ne8
9. Qd2 f5 10. gxf5 gxf5 11. Bg5 Nf6 12. Nf3 fxe4 13. dxe4 Be6 14. Rg1 Qd7 15.
Bh6 Rf7 16. Qg5 Ne8 17. Qh4 Ne7 18. Bxg7 Rxg7 19. Rxg7+ Kxg7 20. O-O-O Ng6 21.
Qg3 Qf7 22. Ng5 Qf4+ 23. Kc2 Bg8 24. Qg2 c6 25. b3 Rd8 26. Bh5 Nc7 27. h4 Ne6
28. Nxe6+ Bxe6 29. Bxg6 hxg6 30. Rg1 Bf7 31. h5 Qf6 32. Ne2 Rg8 33. Rh1 d5 34.
Ng3 g5 35. h6+ Kh7 36. cxd5 cxd5 37. Kb2 Rc8 38. f3 Bg6 39. Rd1 dxe4 40. Rd7+
Kh8 41. Nxe4 Bxe4 42. fxe4 Qf4 43. Qe2 Qc1# 0-1

[Event "3o Piacenza Chess Festival - Open B"]
[Site "Piacenza ITA"]
[Date "2025.10.26"]
[Round "5.2"]
[White "AVETISYAN, Mark"]
[Black "D'ANGELO, Giovanni"]
[Result "1-0"]
[WhiteElo "1800"]
[BlackElo "1885"]
[PlyCount "63"]
[EventDate "2025.10.24"]

1. d4 Nf6 2. Nf3 g6 3. Bf4 Bg7 4. h3 d6 5. e3 c5 6. c3 Nbd7 7. Be2 O-O 8. O-O
Re8 9. Bh2 Rb8 10. Nbd2 b5 11. Nb3 c4 12. Nbd2 a5 13. a4 Bb7 14. axb5 Bxf3 15.
Bxf3 Rxb5 16. Nxc4 d5 17. Qa4 Rb7 18. Rab1 Ra7 19. Ne5 Qb6 20. Nxd7 Rxd7 21.
Be5 Red8 22. b4 Ra7 23. bxa5 Rxa5 24. Rxb6 Rxa4 25. Rfb1 Nd7 26. Bc7 Rc8 27.
Rb7 Rc4 28. Ba5 Ra4 29. Bb4 Nf6 30. Bxe7 Rac4 31. Bxf6 Bxf6 32. Bxd5 1-0

[Event "3o Piacenza Chess Festival - Open B"]
[Site "Piacenza ITA"]
[Date "2025.10.26"]
[Round "5.3"]
[White "MERUSI, Luigi"]
[Black "DE SIMONE, Alessandro"]
[Result "1/2-1/2"]
[WhiteElo "1856"]
[BlackElo "1748"]
[PlyCount "128"]
[EventDate "2025.10.24"]

1. e4 e5 2. Nf3 Nc6 3. Bc4 Bc5 4. c3 Nf6 5. d3 d6 6. b4 Bb6 7. O-O h6 8. Nbd2
O-O 9. Re1 a5 10. b5 Ne7 11. a4 Ng6 12. Nf1 Be6 13. Bxe6 fxe6 14. Qb3 Qe8 15.
d4 Nh5 16. Ng3 Rxf3 17. gxf3 Nh4 18. Qd1 Qf7 19. Kh1 Nxf3 20. Re3 Rf8 21. Rxf3
Qxf3+ 22. Qxf3 Rxf3 23. Kg2 Rxc3 24. Nxh5 exd4 25. Nf4 Kf7 26. Bd2 Rc2 27. Be1
Rb2 28. Kf3 Rb3+ 29. Ke2 c5 30. bxc6 bxc6 31. Nd3 c5 32. Rc1 Ra3 33. e5 Rxa4
34. exd6 Ra2+ 35. Kf3 Ke8 36. Nxc5 Bxc5 37. Rxc5 Kd7 38. Rxa5 Rb2 39. Ra7+ Kxd6
40. Rxg7 d3 41. Ke3 Re2+ 42. Kxd3 Rxe1 43. Rg6 h5 44. Rg5 Re5 45. f4 Re1 46.
Rxh5 Ke7 47. Kd2 Re4 48. Rh4 Kf6 49. Kd3 Re1 50. Kd4 Kf5 51. Kd3 Kf6 52. Kd2
Re4 53. Kd3 Re1 54. Rh8 Kf5 55. Rf8+ Kg6 56. h4 Kg7 57. Re8 Kf7 58. Rh8 Kg7 59.
Rh5 Kf6 60. Kd2 Re4 61. Rh8 Rxf4 62. Ke3 Ra4 63. Rf8+ Kg7 64. Rf4 Rxf4 1/2-1/2

[Event "3o Piacenza Chess Festival - Open B"]
[Site "Piacenza ITA"]
[Date "2025.10.26"]
[Round "5.4"]
[White "LOSI, Paolo"]
[Black "SERBAN, Sara Annamaria"]
[Result "0-1"]
[WhiteElo "1703"]
[BlackElo "1801"]
[PlyCount "56"]
[EventDate "2025.10.24"]

1. d4 d5 2. Nf3 Nf6 3. Bf4 e6 4. e3 Bd6 5. Bg3 O-O 6. Be2 b6 7. Nbd2 c5 8. Bxd6
Qxd6 9. O-O Nc6 10. c3 Bb7 11. Rc1 Rad8 12. Re1 e5 13. dxe5 Nxe5 14. Nxe5 Qxe5
15. Qa4 a5 16. Bf3 Rfe8 17. Qb3 Re6 18. Qc2 Ba6 19. a4 Ne4 20. Bxe4 dxe4 21. g3
Qf5 22. c4 Bb7 23. Rcd1 Rde8 24. f4 h5 25. h4 Rg6 26. Nf1 Qf6 27. b3 Qxh4 28.
Qh2 Qg4 0-1

[Event "3o Piacenza Chess Festival - Open B"]
[Site "Piacenza ITA"]
[Date "2025.10.26"]
[Round "5.5"]
[White "DILENA, Giuseppe"]
[Black "KOSAKOWSKI, Szymon"]
[Result "1-0"]
[WhiteElo "1906"]
[BlackElo "1761"]
[PlyCount "87"]
[EventDate "2025.10.24"]

1. e4 e6 2. d4 d5 3. e5 c5 4. c3 Nc6 5. Nf3 Nh6 6. Be2 Nf5 7. dxc5 Bxc5 8. b4
Bf8 9. O-O Bd7 10. a4 Rc8 11. Bd3 Qc7 12. Re1 a6 13. Bf4 Qd8 14. Qe2 Be7 15. h4
Nxh4 16. Nxh4 Bxh4 17. Qh5 h6 18. Bd2 Kf8 19. b5 Na5 20. bxa6 bxa6 21. Bxa6
Bxf2+ 22. Kxf2 Qb6+ 23. Kg3 Qxa6 24. Re3 Nc4 25. Rf3 Be8 26. Ra2 Nxd2 27. Rxd2
Qxa4 28. Rdf2 Qd7 29. Na3 f5 30. Qg4 Bf7 31. Qb4+ Qe7 32. Qa4 Kg8 33. Nb5 Rc4
34. Qxc4 dxc4 35. Nd6 g5 36. Rb2 f4+ 37. Kh2 g4 38. Rxf4 Qh4+ 39. Kg1 Qe1+ 40.
Rf1 Qe3+ 41. Kh1 Qa7 42. Nxf7 Qxf7 43. Rb8+ Kg7 44. Rxf7+ 1-0

[Event "3o Piacenza Chess Festival - Open B"]
[Site "Piacenza ITA"]
[Date "2025.10.26"]
[Round "5.6"]
[White "ROMEO, Giovanni Maria"]
[Black "AULEHLA, Jacopo"]
[Result "0-1"]
[WhiteElo "1801"]
[BlackElo "1815"]
[PlyCount "116"]
[EventDate "2025.10.24"]

1. e4 e6 2. c4 c5 3. Nc3 Nc6 4. Nge2 Nf6 5. g3 d5 6. exd5 exd5 7. cxd5 Nxd5 8.
Bg2 Ndb4 9. O-O Bf5 10. Nf4 Be7 11. g4 Bc2 12. Qe2 O-O 13. a3 Nd4 14. Qe3 Nbc6
15. Nfd5 Bg5 16. f4 Re8 17. Qh3 Be7 18. d3 Nb3 19. Be4 g6 20. Ra2 Nxc1 21. Rxc1
Bb3 22. Raa1 Nd4 23. Rf1 Bf8 24. f5 Bg7 25. f6 Bf8 26. Rf2 Re5 27. Ne3 c4 28.
dxc4 Ne6 29. Bd5 Ng5 30. Qg3 Bd6 31. h4 Rxd5 32. Qg2 Rd3 33. hxg5 Rxe3 34. Rf3
Bc5 35. Rxe3 Bxe3+ 36. Kh2 Qd6+ 37. Kh3 Qc6 38. Nd5 Bc5 39. Rc1 a5 40. Rc3 a4
41. Rd3 Kf8 42. Qe4 Re8 43. Qf4 Bd6 44. Qd4 Qxc4 45. Qxc4 Bxc4 46. Rd4 Bf1+ 47.
Kh4 Re2 48. Nf4 Rh2+ 49. Kg3 Rh3+ 50. Kf2 Bc5 51. Kxf1 Bxd4 52. Nxh3 Bxb2 53.
Ke2 Bxa3 54. Kd3 b5 55. Nf2 Bc1 56. Ne4 a3 57. Nc5 a2 58. Nb3 Bb2 0-1

[Event "3o Piacenza Chess Festival - Open B"]
[Site "Piacenza ITA"]
[Date "2025.10.26"]
[Round "5.7"]
[White "RIZZI, Giacomo"]
[Black "SACCHETTI, Andrea"]
[Result "1-0"]
[WhiteElo "1673"]
[BlackElo "1856"]
[PlyCount "71"]
[EventDate "2025.10.24"]

1. e4 d6 2. d4 Nf6 3. Nc3 Nbd7 4. Be3 e5 5. d5 Be7 6. f3 c6 7. Bc4 Nb6 8. Bb3
cxd5 9. exd5 O-O 10. Qd2 Nfd7 11. a4 Nf6 12. Nge2 Bf5 13. Ng3 Bg6 14. O-O Nh5
15. Nge4 Kh8 16. a5 Nd7 17. Nb5 Bxe4 18. fxe4 a6 19. Nc3 Rc8 20. Na4 Nc5 21.
Nxc5 dxc5 22. c4 Nf6 23. Qd3 Ne8 24. Ba4 Nd6 25. b4 cxb4 26. Bb6 Rc7 27. c5 Nc8
28. d6 Nxb6 29. axb6 Rc8 30. Qd5 Bg5 31. Rxf7 Rxf7 32. Qxf7 Be3+ 33. Kh1 Bxc5
34. d7 Rb8 35. Qe8+ Bf8 36. Rf1 1-0

[Event "3o Piacenza Chess Festival - Open B"]
[Site "Piacenza ITA"]
[Date "2025.10.26"]
[Round "5.8"]
[White "FERRARI, Giuseppe"]
[Black "LEONI, Fabrizio"]
[Result "0-1"]
[WhiteElo "1701"]
[BlackElo "1833"]
[PlyCount "42"]
[EventDate "2025.10.24"]

1. e4 c6 2. d4 d5 3. exd5 cxd5 4. Nf3 Nf6 5. h3 e6 6. Bd3 Bd7 7. Bg5 Bc6 8. Ne5
Nbd7 9. Nxc6 bxc6 10. Nd2 Qc7 11. Nf3 Bd6 12. c3 h6 13. Be3 O-O 14. Qd2 e5 15.
dxe5 Nxe5 16. Nxe5 Bxe5 17. O-O Rfe8 18. f4 Bd6 19. Rf3 Ne4 20. Bxe4 dxe4 21.
Raf1 exf3 0-1

[Event "3o Piacenza Chess Festival - Open B"]
[Site "Piacenza ITA"]
[Date "2025.10.26"]
[Round "5.9"]
[White "DI MAULO, Alessandra"]
[Black "KAMMANN, Thomas"]
[Result "1-0"]
[WhiteElo "1829"]
[BlackElo "1802"]
[PlyCount "59"]
[EventDate "2025.10.24"]

1. e4 c5 2. Nf3 Nc6 3. d4 cxd4 4. Nxd4 e6 5. Nc3 Bc5 6. Be3 Qb6 7. Na4 Qa5+ 8.
Nc3 Nf6 9. Nb3 Qxc3+ 10. bxc3 Bxe3 11. fxe3 O-O 12. Bd3 d5 13. exd5 Nxd5 14.
Qd2 b6 15. O-O Bb7 16. Nd4 Ne5 17. e4 Nf6 18. Qg5 Ng6 19. Rae1 h6 20. Qd2 e5
21. Nf5 Nf4 22. Qf2 Kh7 23. Qh4 N6h5 24. Qe7 Nxd3 25. cxd3 Ba6 26. Qxe5 Bxd3
27. Rf3 Bc4 28. Rh3 Rae8 29. Qd4 g6 30. Qxc4 1-0

[Event "3o Piacenza Chess Festival - Open B"]
[Site "Piacenza ITA"]
[Date "2025.10.26"]
[Round "5.10"]
[White "SARGSYAN, Mher"]
[Black "MANTOVANI, Enrico"]
[Result "1-0"]
[WhiteElo "1813"]
[BlackElo "1778"]
[PlyCount "99"]
[EventDate "2025.10.24"]

1. d4 Nf6 2. Nf3 g6 3. Bf4 Bg7 4. h3 d6 5. e3 O-O 6. c3 Nbd7 7. Be2 Re8 8. O-O
e5 9. dxe5 dxe5 10. Nxe5 Qe7 11. Nxd7 Bxd7 12. Bxc7 Bxh3 13. Qd6 Bg4 14. Bxg4
Nxg4 15. Qxe7 Rxe7 16. Bd6 Rd7 17. Bc5 Be5 18. Bd4 Bc7 19. Nd2 Re8 20. Nf3 Nh6
21. Rfd1 Red8 22. Kf1 Nf5 23. Ke2 Nxd4+ 24. cxd4 f6 25. Rac1 Kf7 26. Rc4 Bd6
27. Rdc1 Ke6 28. Rc8 Ke7 29. Rxd8 Rxd8 30. e4 Ke6 31. Ne1 Bf4 32. Rc4 Bd6 33.
Nd3 b6 34. f4 Kd7 35. e5 Re8 36. Kf3 fxe5 37. dxe5 Be7 38. g4 a5 39. Rd4+ Kc7
40. f5 Bc5 41. Nxc5 bxc5 42. Rd5 Kc6 43. Ke4 gxf5+ 44. gxf5 h5 45. Rd6+ Kc7 46.
Rh6 Rg8 47. f6 Kd7 48. Kd5 Rg5 49. Rh7+ Ke8 50. Ke6 1-0

[Event "3o Piacenza Chess Festival - Open B"]
[Site "Piacenza ITA"]
[Date "2025.10.26"]
[Round "5.11"]
[White "OTERI, Aldo"]
[Black "MRAD, Anahid"]
[Result "0-1"]
[WhiteElo "1766"]
[BlackElo "1812"]
[PlyCount "54"]
[EventDate "2025.10.24"]

1. f4 d5 2. Nf3 Nf6 3. e3 g6 4. Be2 Bg7 5. O-O O-O 6. d3 c5 7. Nc3 Nc6 8. e4 d4
9. Nb1 b5 10. Qe1 Qb6 11. Qh4 c4 12. e5 Ng4 13. Ng5 Nh6 14. g4 f6 15. exf6 exf6
16. Nxh7 Kxh7 17. g5 Bf5 18. gxh6 Bxh6 19. Rf3 Kg7 20. Bf1 Ne5 21. Rg3 cxd3 22.
cxd3 Qc6 23. Na3 Nf3+ 24. Rxf3 Qxf3 25. Nxb5 Bxd3 26. Qh3 Qxh3 27. Bxh3 Bxb5
0-1

[Event "3o Piacenza Chess Festival - Open B"]
[Site "Piacenza ITA"]
[Date "2025.10.26"]
[Round "5.12"]
[White "CALVIGIONI, Matteo"]
[Black "FERSINI, Maurizio"]
[Result "1-0"]
[WhiteElo "1805"]
[BlackElo "1733"]
[PlyCount "105"]
[EventDate "2025.10.24"]

1. e4 c5 2. Nf3 e6 3. c4 Nc6 4. Nc3 a6 5. d4 cxd4 6. Nxd4 Qc7 7. Nde2 Nf6 8.
Bf4 Qa5 9. Bd2 Qd8 10. Ng3 Be7 11. Be3 O-O 12. Be2 b6 13. O-O d6 14. f4 Qc7 15.
Rc1 Bb7 16. Nd5 exd5 17. cxd5 Qd7 18. dxc6 Bxc6 19. Bf3 Qb7 20. Rxc6 Qxc6 21.
e5 d5 22. exf6 Bc5 23. Bxc5 Qxc5+ 24. Kh1 Rad8 25. fxg7 Kxg7 26. Nh5+ Kg8 27.
Qe1 Qd4 28. Qh4 Rd6 29. Ng3 f5 30. Nxf5 Qf6 31. Qxf6 Rdxf6 32. Bxd5+ Kh8 33. g4
h5 34. h3 hxg4 35. hxg4 Rd8 36. Bb3 Rd2 37. Rf3 Rd7 38. Rh3+ Rh7 39. Rxh7+ Kxh7
40. Kg2 a5 41. Kf3 Rc6 42. g5 b5 43. Ne3 a4 44. Bc2+ Kg7 45. Nf5+ Kf7 46. Be4
Rc1 47. Nd6+ Kg7 48. Nxb5 Rf1+ 49. Kg4 Rg1+ 50. Kf5 Re1 51. Nc3 Rf1 52. Nxa4
Rf2 53. Ke5 1-0

[Event "3o Piacenza Chess Festival - Open B"]
[Site "Piacenza ITA"]
[Date "2025.10.26"]
[Round "5.13"]
[White "D'AGOSTINO, Maurizio"]
[Black "DI IASIO, Alessandro"]
[Result "1-0"]
[WhiteElo "1894"]
[BlackElo "1672"]
[PlyCount "107"]
[EventDate "2025.10.24"]

1. Nf3 Nf6 2. d4 e6 3. g3 d5 4. Bg2 Bd6 5. O-O O-O 6. b3 Re8 7. Bb2 Nbd7 8. Ne5
c5 9. e3 Qc7 10. f4 Bxe5 11. fxe5 Ne4 12. Nd2 f5 13. Nxe4 fxe4 14. Qh5 Rf8 15.
Rxf8+ Nxf8 16. Rf1 Ng6 17. c4 Qe7 18. dxc5 Qxc5 19. Bd4 Qe7 20. Qg4 Bd7 21. h4
a6 22. h5 Nh8 23. Bh3 dxc4 24. bxc4 Rf8 25. Rxf8+ Kxf8 26. Qxe4 Bc6 27. Qf4+
Nf7 28. c5 Kg8 29. Bg2 Bxg2 30. Kxg2 h6 31. Qg4 Ng5 32. Qe2 Qe8 33. a3 Qc6+ 34.
Kg1 Qe4 35. Qf1 Nf3+ 36. Kf2 Nh2 37. Qe2 Qh1 38. a4 Qe4 39. a5 Ng4+ 40. Kg1
Qb1+ 41. Kg2 Qe4+ 42. Kh3 Kf7 43. Qf1+ Ke7 44. c6 bxc6 45. Bc5+ Kd7 46. Qf7+
Kd8 47. Qf8+ Kd7 48. Qxg7+ Kc8 49. Qf8+ Kb7 50. Qe7+ Kc8 51. Qxe6+ Kb7 52. Qd7+
Kb8 53. Bd6+ Ka8 54. Qc8+ 1-0

[Event "3o Piacenza Chess Festival - Open B"]
[Site "Piacenza ITA"]
[Date "2025.10.26"]
[Round "5.14"]
[White "PODDUBSKIY, Pavel"]
[Black "COMINELLI, Mario"]
[Result "1-0"]
[WhiteElo "1837"]
[BlackElo "1666"]
[PlyCount "109"]
[EventDate "2025.10.24"]

1. e4 e6 2. d4 d5 3. Nd2 dxe4 4. Nxe4 Nd7 5. Nf3 Ngf6 6. Bg5 Be7 7. Nxf6+ Nxf6
8. Bd3 h6 9. Bh4 O-O 10. O-O b6 11. c3 Bb7 12. Re1 Nd7 13. Bg3 c5 14. Bc2 cxd4
15. Nxd4 Nf6 16. a4 Qd5 17. Nf3 Qxd1 18. Rexd1 Rac8 19. a5 Bd8 20. Nd4 bxa5 21.
Bd6 Bb6 22. Bxf8 Kxf8 23. h3 Ke7 24. Ba4 Nd5 25. Re1 Kf6 26. Rad1 Nf4 27. Bd7
Rd8 28. Bc6 Bxc6 29. Nxc6 Rxd1 30. Rxd1 Nd5 31. c4 Nb4 32. Nxb4 axb4 33. Kf1
Ke5 34. b3 Bd4 35. Re1+ Kf4 36. Re2 e5 37. g3+ Kf3 38. Rd2 Ke4 39. Ke2 g5 40.
Ra2 h5 41. Ra6 Bb6 42. Ra1 Bd4 43. Ra5 Kf5 44. f3 Ke6 45. f4 f6 46. fxg5 fxg5
47. Kf3 Kf6 48. g4 hxg4+ 49. hxg4 Ke6 50. Ke4 Kf6 51. Ra6+ Kf7 52. Kf5 e4 53.
Kxe4 Bb6 54. Kd5 Ke7 55. c5 1-0

[Event "3o Piacenza Chess Festival - Open B"]
[Site "Piacenza ITA"]
[Date "2025.10.26"]
[Round "5.16"]
[White "DECARLI, Giuseppe"]
[Black "TAGLIAFERRI, Valerio"]
[Result "1-0"]
[WhiteElo "1748"]
[BlackElo "1749"]
[PlyCount "123"]
[EventDate "2025.10.24"]

1. e4 c5 2. Nc3 e6 3. Nf3 a6 4. Be2 Qc7 5. d3 Nc6 6. O-O Nf6 7. Bg5 Be7 8. h3
b5 9. Bh4 Bb7 10. Qd2 O-O 11. Rfe1 Rac8 12. Bf1 d6 13. Bg3 Nd4 14. Nh2 b4 15.
Ne2 Nh5 16. Rad1 Nxe2+ 17. Qxe2 Nxg3 18. fxg3 Bf6 19. Rb1 g6 20. Nf3 Rfd8 21.
Qd2 a5 22. Qf4 Bg7 23. b3 Ra8 24. h4 h6 25. g4 Qe7 26. g5 h5 27. g4 Bc3 28. Re2
e5 29. Qg3 hxg4 30. Qxg4 Bc8 31. Qg3 Qd7 32. Kh2 Qg4 33. Bh3 Qxg3+ 34. Kxg3 Kg7
35. Bxc8 Rdxc8 36. Rh1 Rh8 37. Reh2 Rh7 38. Kg4 a4 39. h5 gxh5+ 40. Rxh5 Rxh5
41. Rxh5 axb3 42. axb3 Ra2 43. Rh2 Kf8 44. Rf2 Kg7 45. Nh4 Bd4 46. Rg2 Ra6 47.
Nf5+ Kg8 48. Kh5 Kh7 49. g6+ fxg6+ 50. Rxg6 Ra2 51. Rg2 Ra1 52. Kg5 Ra6 53. Kf6
d5+ 54. Kf7 Ra7+ 55. Ne7 Kh6 56. exd5 Rd7 57. Ke6 Ra7 58. d6 Ra6 59. Nf5+ Kh5
60. Ke7 e4 61. dxe4 c4 62. Nxd4 1-0